Normal view
MARC view
Entry Personal Name
001 - CONTROL NUMBER
- control field: 11065
003 - CONTROL NUMBER IDENTIFIER
- control field: OSt
005 - DATE AND TIME OF LATEST TRANSACTION
- control field: 20160914174100.0
008 - FIXED-LENGTH DATA ELEMENTS
- fixed length control field: 160914|| aca||aabn | a|a d
040 ## - CATALOGING SOURCE
- Original cataloging agency: OSt
- Transcribing agency: OSt
100 ## - HEADING--PERSONAL NAME
- Personal name: Arfken,B.George;Weber,J.Hans;
670 ## - SOURCE DATA FOUND
- Source citation: Work cat.: (OSt): Arfken,B.George;Weber,J.Hans;, Mathematical Methods for Physicists:, 2005.
